| 000 | 00750nam a2200241 a 4500 | ||
|---|---|---|---|
| 001 | 19863 | ||
| 003 | BD-RjUL | ||
| 005 | 20211209000504.0 | ||
| 008 | 140225r19511947enk 000 1 eng d | ||
| 035 | _a(BD-RjUL)19924 | ||
| 035 | _a(OCoLC)2759984 | ||
| 040 |
_aTOL _cTOL _dBD-RjUL _beng |
||
| 041 | _aeng | ||
| 082 | 0 | 0 |
_a822.33 _bSHM 1960 |
| 100 | 1 |
_aShakespeare, William, _d1564-1616. _960994 |
|
| 245 | 1 | 0 |
_aMacbeth / _cWilliam Shakespeare |
| 260 |
_aCambridge : _bUniversity Press, _c1947 [Reprinted 1951,1960] |
||
| 300 |
_alxxxiii, 186 p. ; _c18 cm. |
||
| 600 | 0 |
_aShakespeare, William, _d1564-1616. _9242759 |
|
| 650 |
_aMacbeth, _zKing of Scotland, _yactive 11th century _xDrama. _9242760 |
||
| 942 |
_2ddc _cBK |
||
| 999 |
_c19863 _d19863 |
||